Estadísticas para Países con mas musulmanes

Haz click aquí para intentar la prueba.

Estadísticas generales

  • Esta prueba ha sido intentada 29 veces
  • La puntuación promedio es 12 de 15

Estadísticas de respuestas

HintRespuesta% Correcto
39.7 MIrak
96%
82.5 MIrán
96%
90 MEgipto
92%
200 MIndia
92%
36.4 MMarruecos
92%
240.8 MPakistán
92%
50 MChina
88%
236 MIndonesia
80%
84.4 MTurquía
80%
37 MAfganistán
76%
43.7 MArgelia
76%
97 MNigeria
72%
38.6 MSudan
68%
34.7 MEtiopía
56%
150 MBangladesh
32%

Distribución de puntuación

Porcentaje por número respondido

Porcentaje de gente con cada puntuación

Historial de tus puntuaciones

No has intentado esta prueba.